Repensando lo público a través de la sociedad : (Record no. 110202)

MARC details
000 -LEADER
campo de control de longitud fija 00989nam a2200205 4500
001 - NÚMERO DE CONTROL
campo de control 28
005 - FECHA Y HORA DE LA ÚLTIMA TRANSACCIÓN
campo de control 20230411085952.0
008 - DATOS DE LONGITUD FIJA--INFORMACIÓN GENERAL
campo de control de longitud fija 060907n1997 dr spa
020 ## - NÚMERO INTERNACIONAL ESTÁNDAR DEL LIBRO
Número Internacional Estándar del Libro 9803171232
035 ## - NÚMERO DE CONTROL DEL SISTEMA
-- funglode28
041 ## - CÓDIGO DE IDIOMA
Código de lengua del texto/banda sonora o título independiente ES
100 ## - ENTRADA PRINCIPAL--NOMBRE DE PERSONA
Nombre de persona Cunill Grau, Nuria
245 1# - MENCIÓN DEL TÍTULO
Título Repensando lo público a través de la sociedad :
Resto del título nuevas formas de gestión pública y representación social /
Mención de responsabilidad, etc. Nuria Cunill Grau; Prólogo de Luiz Carlos Bresser Pereira
260 ## - PUBLICACIÓN, DISTRIBUCIÓN, ETC.
Lugar de publicación, distribución, etc. Caracas :
Nombre del editor, distribuidor, etc. Editorial Nueva Sociedad,
Fecha de publicación, distribución, etc. 1997
300 ## - DESCRIPCIÓN FÍSICA
Extensión 320 p.
504 ## - NOTA DE BIBLIOGRAFÍA, ETC.
Nota de bibliografía, etc. Bibliografía p. 309-20
520 ## - RESUMEN, ETC.
Sumario, etc. Lo público y las relaciones Estado/sociedad, 23. -- Representación y participación ciudadana y su virtualidad para la construcción de espacios públicos, 71. -- La "publificación" de la administración pública, 197. -- A modo de síntesis : Articulaciones posibles entre lo público, lo social y lo estatal, 297
700 ## - ENTRADA AGREGADA--NOMBRE PERSONAL
Nombre de persona Bresser Pereira, Luiz Carlos, Prol.
942 ## - ELEMENTOS DE ENTRADA SECUNDARIOS (KOHA)
Fuente del sistema de clasificación o colocación Clasificación de Library of Congress
Tipo de ítem Koha
Holdings
Estatus retirado Estado de pérdida Fuente del sistema de clasificación o colocación Estado de daño No para préstamo Colección Biblioteca de origen Biblioteca actual Ubicación en estantería Fecha de adquisición Código de barras Visto por última vez Copia número Tipo de ítem Koha
    Clasificación de Library of Congress     Automatización y Procesos Técnicos Biblioteca Juan Bosch Biblioteca Juan Bosch Automatización y Procesos Técnicos (1er. Piso) 17/02/2019 00000009651 17/02/2019 1